000 00698nam a2200241Ia 4500
003 OSt
005 20220918181238.0
006 a|||||r|||| 00| 0
007 ta
008 220917b |||||||| |||| 00| 0 eng d
024 _a26,330
037 _cTextual
040 _aARTS
_cARTS
_beng
041 _2eng
_aeng
082 _aQ29M8:2, 111L2
100 _aDayananda
_958242
245 0 _aAaryaabhivinaya
_b devotional texts of the Aaryans ed with the english tr by Satyananda
260 _aGhaziabad
_bVirajaananda Vaidika Samsthaana
_c1972
300 _a16,212p.
_ccm.
650 _aRELIGION
942 _hQ29M8:2, 111L2
_cTEXL
_2CC
999 _c164956
_d164956